<?xml version="1.0" encoding="UTF-8"?>
<record
    xmlns:xsi="http://www.w3.org/2001/XMLSchema-instance"
    xsi:schemaLocation="http://www.loc.gov/MARC21/slim http://www.loc.gov/standards/marcxml/schema/MARC21slim.xsd"
    xmlns="http://www.loc.gov/MARC21/slim">

  <leader>01660nam2a2200325   4500</leader>
  <controlfield tag="001">RU\NLR\bibl\171802</controlfield>
  <controlfield tag="005">20250618060542.0</controlfield>
  <datafield tag="010" ind1=" " ind2=" ">
    <subfield code="a">5-246-00336-1</subfield>
  </datafield>
  <datafield tag="021" ind1=" " ind2=" ">
    <subfield code="a">RU</subfield>
    <subfield code="b">2001-16982</subfield>
    <subfield code="9">787</subfield>
  </datafield>
  <datafield tag="035" ind1=" " ind2=" ">
    <subfield code="a">(NLR Aleph) 000168578</subfield>
  </datafield>
  <datafield tag="090" ind1=" " ind2=" ">
    <subfield code="a">971001</subfield>
    <subfield code="c">971001</subfield>
  </datafield>
  <datafield tag="100" ind1=" " ind2=" ">
    <subfield code="a">20010723d2000    |||y0rusy50      ca</subfield>
  </datafield>
  <datafield tag="101" ind1="0" ind2=" ">
    <subfield code="a">rus</subfield>
  </datafield>
  <datafield tag="102" ind1=" " ind2=" ">
    <subfield code="a">RU</subfield>
  </datafield>
  <datafield tag="105" ind1=" " ind2=" ">
    <subfield code="a">y   |||||||||</subfield>
  </datafield>
  <datafield tag="200" ind1="1" ind2=" ">
    <subfield code="a">&#x41F;&#x438;&#x449;&#x435;&#x432;&#x430;&#x44F; &#x43F;&#x440;&#x43E;&#x43C;&#x44B;&#x448;&#x43B;&#x435;&#x43D;&#x43D;&#x43E;&#x441;&#x442;&#x44C;</subfield>
    <subfield code="e">&#x425;&#x43B;&#x435;&#x431;. &#x425;&#x43B;&#x435;&#x431;&#x43E;&#x431;&#x443;&#x43B;&#x43E;&#x447;. &#x438;&#x437;&#x434;&#x435;&#x43B;&#x438;&#x44F;. &#x41C;&#x443;&#x447;&#x43D;&#x44B;&#x435; &#x43A;&#x43E;&#x434;&#x438;&#x442;&#x435;&#x440;. &#x438;&#x437;&#x434;&#x435;&#x43B;&#x438;&#x44F;</subfield>
  </datafield>
  <datafield tag="210" ind1=" " ind2=" ">
    <subfield code="d">2000</subfield>
    <subfield code="a">&#x411;. &#x43C;.</subfield>
  </datafield>
  <datafield tag="215" ind1=" " ind2=" ">
    <subfield code="a">294 &#x441;.</subfield>
  </datafield>
  <datafield tag="320" ind1=" " ind2=" ">
    <subfield code="a">&#x410;&#x43B;&#x444;. &#x443;&#x43A;&#x430;&#x437;. &#x43F;&#x43E; &#x432;&#x438;&#x434;&#x430;&#x43C; &#x43F;&#x440;&#x43E;&#x434;&#x443;&#x43A;&#x446;&#x438;&#x438; &#x438; &#x443;&#x441;&#x43B;&#x443;&#x433;: &#x441;. 7-18</subfield>
  </datafield>
  <datafield tag="320" ind1=" " ind2=" ">
    <subfield code="a">&#x410;&#x43B;&#x444;. &#x443;&#x43A;&#x430;&#x437;. &#x43F;&#x43E; &#x432;&#x438;&#x434;&#x430;&#x43C; &#x441;&#x44B;&#x440;&#x44C;&#x44F; &#x438; &#x43C;&#x430;&#x442;&#x435;&#x440;&#x438;&#x430;&#x43B;&#x43E;&#x432;, &#x438;&#x441;&#x43F;&#x43E;&#x43B;&#x44C;&#x437;&#x443;&#x435;&#x43C;&#x44B;&#x445; &#x43F;&#x440;&#x435;&#x434;&#x43F;&#x440;&#x438;&#x44F;&#x442;&#x438;&#x44F;&#x43C;&#x438;: &#x441;. 20-21</subfield>
  </datafield>
  <datafield tag="320" ind1=" " ind2=" ">
    <subfield code="a">&#x410;&#x43B;&#x444;. &#x443;&#x43A;&#x430;&#x437;. &#x43F;&#x440;&#x435;&#x434;&#x43F;&#x440;&#x438;&#x44F;&#x442;&#x438;&#x439; &#x43F;&#x43E; &#x43E;&#x431;&#x43B;., &#x440;&#x435;&#x441;&#x43F;.: &#x441;. 23-54</subfield>
  </datafield>
  <datafield tag="461" ind1=" " ind2="0">
    <subfield code="1">001RU\NLR\bibl\180174</subfield>
    <subfield code="1">2001#$a&#x411;&#x438;&#x437;&#x43D;&#x435;&#x441;-&#x43A;&#x430;&#x440;&#x442;&#x430; 2000-2001. [&#x41F;&#x440;&#x43E;&#x43C;&#x44B;&#x448;&#x43B;&#x435;&#x43D;&#x43D;&#x43E;&#x441;&#x442;&#x44C;. &#x41E;&#x442;&#x440;&#x430;&#x441;&#x43B;&#x44C;]$v&#x422;. 9</subfield>
    <subfield code="9">1020330</subfield>
    <subfield code="c">&#x41C;.</subfield>
    <subfield code="d">2000</subfield>
    <subfield code="n">&#x410;&#x414;&#x418; "&#x411;&#x438;&#x437;&#x43D;&#x435;&#x441;-&#x41A;&#x430;&#x440;&#x442;&#x430;"</subfield>
    <subfield code="o">&#x421;&#x41D;&#x413; : &#x414;&#x435;&#x43B;&#x43E;&#x432;&#x44B;&#x435; &#x441;&#x43F;&#x440;&#x430;&#x432;.</subfield>
    <subfield code="t">&#x411;&#x438;&#x437;&#x43D;&#x435;&#x441;-&#x43A;&#x430;&#x440;&#x442;&#x430; 2000-2001. [&#x41F;&#x440;&#x43E;&#x43C;&#x44B;&#x448;&#x43B;&#x435;&#x43D;&#x43D;&#x43E;&#x441;&#x442;&#x44C;. &#x41E;&#x442;&#x440;&#x430;&#x441;&#x43B;&#x44C;]</subfield>
    <subfield code="v">&#x422;. 9</subfield>
  </datafield>
  <datafield tag="606" ind1="1" ind2=" ">
    <subfield code="a">&#x41F;&#x438;&#x449;&#x435;&#x432;&#x43A;&#x443;&#x441;&#x43E;&#x432;&#x430;&#x44F; &#x43F;&#x440;&#x43E;&#x43C;&#x44B;&#x448;&#x43B;&#x435;&#x43D;&#x43D;&#x43E;&#x441;&#x442;&#x44C;</subfield>
    <subfield code="j">&#x411;&#x438;&#x437;&#x43D;&#x435;&#x441;-&#x43A;&#x430;&#x440;&#x442;&#x44B;</subfield>
    <subfield code="y">&#x421;&#x442;&#x440;&#x430;&#x43D;&#x44B; &#x421;&#x41D;&#x413;</subfield>
    <subfield code="9">2137826</subfield>
    <subfield code="3">RU\NLR\auth\661288890</subfield>
  </datafield>
  <datafield tag="606" ind1="1" ind2=" ">
    <subfield code="a">&#x41F;&#x438;&#x449;&#x435;&#x432;&#x430;&#x44F; &#x43F;&#x440;&#x43E;&#x43C;&#x44B;&#x448;&#x43B;&#x435;&#x43D;&#x43D;&#x43E;&#x441;&#x442;&#x44C;</subfield>
    <subfield code="j">&#x411;&#x438;&#x437;&#x43D;&#x435;&#x441;-&#x43A;&#x430;&#x440;&#x442;&#x44B;</subfield>
    <subfield code="y">&#x421;&#x442;&#x440;&#x430;&#x43D;&#x44B; &#x421;&#x41D;&#x413;</subfield>
    <subfield code="9">2188550</subfield>
    <subfield code="3">RU\NLR\auth\661315727</subfield>
  </datafield>
  <datafield tag="686" ind1=" " ind2=" ">
    <subfield code="a">&#x423;30(2)67&#x44F;2</subfield>
  </datafield>
  <datafield tag="801" ind1=" " ind2="0">
    <subfield code="a">RU</subfield>
    <subfield code="b">NLR</subfield>
    <subfield code="c">20010723</subfield>
    <subfield code="g">PSBO</subfield>
  </datafield>
  <datafield tag="801" ind1=" " ind2="1">
    <subfield code="a">RU</subfield>
    <subfield code="b">NLR</subfield>
    <subfield code="c">20010723</subfield>
  </datafield>
  <datafield tag="942" ind1=" " ind2=" ">
    <subfield code="c">BOOK</subfield>
  </datafield>
  <datafield tag="980" ind1=" " ind2=" ">
    <subfield code="a">NB</subfield>
  </datafield>
  <datafield tag="995" ind1=" " ind2=" ">
    <subfield code="5">2001-07-23</subfield>
    <subfield code="a">ad</subfield>
    <subfield code="b">NLR01</subfield>
    <subfield code="c">NLR01</subfield>
    <subfield code="e">RF8</subfield>
    <subfield code="f">142622</subfield>
    <subfield code="k">2001-3/12517</subfield>
    <subfield code="o">0</subfield>
    <subfield code="r">BOOK</subfield>
    <subfield code="s">2001312517_</subfield>
  </datafield>
  <datafield tag="995" ind1=" " ind2=" ">
    <subfield code="5">2001-07-23</subfield>
    <subfield code="a">ad</subfield>
    <subfield code="b">NLR01</subfield>
    <subfield code="c">NLR01</subfield>
    <subfield code="e">RF8</subfield>
    <subfield code="f">142625</subfield>
    <subfield code="k">2001-3/12517</subfield>
    <subfield code="o">0</subfield>
    <subfield code="r">BOOK</subfield>
    <subfield code="s">2001312517_</subfield>
  </datafield>
</record>
